Statistics for History by Letter - S

Click here to take the quiz!

General Stats

  • This quiz has been taken 31,970 times
  • The average score is 13 of 20

Answer Stats

Hint Answer % Correct
Elizabethan playwright sometimes
called "The Bard"
William Shakespeare
90%
Country that rejected apartheid
in 1994
South Africa
90%
Canal completed in 1869Suez
89%
Plato's teacherSocrates
85%
Military nobility of medieval JapanSamurai
82%
Militant rival of ancient AthensSparta
80%
Cold War superpowerSoviet Union
78%
Term for a person who campaigned
for women's right to vote
Suffragist
78%
First human-made satelliteSputnik 1
77%
Most important political body of
the Roman Republic
Senate
74%
Indian language in which Hindu
scriptures were written
Sanskrit
67%
Art movement of Salvador Dalí{Surreal}ism
66%
City where Mozart was bornSalzburg
59%
Title of the Ottoman rulerSultan
57%
History's most famous violin makerAntonio Stradivari
56%
"This is the place", said
Brigham Young
Salt Lake City
49%
King Edward VIII abdicated
to marry her
Wallis Simpson
39%
All-knowing secret police
of East Germany
Stasi
39%
Guild of cathedral buildersStonemasons
31%
Dynasty of China from 960-1279Song
27%

Score Distribution

Percentile by Number Answered

Percent of People with Each Score

Your Score History

You have not taken this quiz